000 00349cam a2200157ua 4500
003 @
008 240115b |||||||| |||| 00| 0 eng d
041 _amal
082 _a894.812301
_bURO/VE
100 _aUroob, .
_94296
245 _aVelutha Kutty /
260 _aThrissur :
_bCurrent Books ,
_c1985.
300 _a158 ; .
942 _cBK
999 _c55
_d55
003 OSt